Strength of materials for polytechnic

Guardat en:
Dades bibliogràfiques
Autor principal: Seng, Lim Poh
Format: Llibre
Idioma:Undetermined
Publicat: Singapore Prentice Hall 2003
Matèries:
Etiquetes: Afegir etiqueta
Sense etiquetes, Sigues el primer a etiquetar aquest registre!
Thư viện lưu trữ: Trung tâm Học liệu Trường Đại học Cần Thơ
LEADER 00526nam a2200193Ia 4500
001 CTU_95755
008 210402s9999 xx 000 0 und d
020 |c 302000 
082 |a 620 
082 |b S476 
100 |a Seng, Lim Poh 
245 0 |a Strength of materials for polytechnic 
245 0 |c Lim Poh Seng, Tay Seng How, Koh Koh Pin 
260 |a Singapore 
260 |b Prentice Hall 
260 |c 2003 
650 |a Strength of materials 
904 |i M.Loan 
980 |a Trung tâm Học liệu Trường Đại học Cần Thơ